[Event "ch-RUS w 1st League"]
[Site "Serpukhov RUS"]
[Date "2003.02.20"]
[Round "1"]
[White "Komiagina,M"]
[Black "Sukhareva,M"]
[Result "1-0"]
[WhiteElo "2214"]
[BlackElo "2027"]

1.e4 e6 2.d4 d5 3.Nc3 Bb4 4.e5 Ne7 5.a3 Bxc3+ 6.bxc3 c5 7.Qg4 Kf8 8.Bd3 Qa5
9.Bd2 Qa4 10.Rc1 b6 11.Nf3 Ba6 12.Ng5 Bxd3 13.cxd3 h6 14.Qh5 g6 15.Qh4 Nd7
16.Nf3 Nf5 17.Qh3 Kg7 18.g4 Ne7 19.Qg3 Qxa3 20.h4 Qa6 21.Nh2 Rac8 22.O-O Rc7
23.f4 cxd4 24.f5 Kh7 25.fxe6 Nc5 26.cxd4 fxe6 27.dxc5 bxc5 28.Qf4  1-0

[Event "Open"]
[Site "Portsmouth ENG"]
[Date "2003.02.21"]
[Round "1"]
[White "Lappage,J"]
[Black "Williams,Si"]
[Result "1/2-1/2"]
[WhiteElo "2208"]
[BlackElo "2405"]

1.e4 e6 2.Nc3 d5 3.d4 Bb4 4.e5 b6 5.Bd2 Qd7 6.a3 Bf8 7.Nf3 Ne7 8.Be3 Nf5
9.Bd3 Ba6 10.O-O Bxd3 11.Qxd3 Be7 12.g4 Nxe3 13.fxe3 Nc6 14.Kg2 f6 15.Ne2 O-O-O
16.b4 h5 17.h3 fxe5 18.dxe5 g5 19.Ned4 hxg4 20.hxg4 Nxd4 21.exd4 Qc6 22.Rh1 Qc4
23.Rxh8 Rxh8 24.Qxc4 dxc4 25.c3 Kb7 26.Nd2 Kc6 27.Nxc4 Kd5 28.Nd2 c5 29.dxc5 bxc5
30.Nf3 Kc4 31.Rd1 Rd8 32.Rxd8 Bxd8 33.bxc5 Kxc5 34.Kf2 Kc4 35.Ke3 Kxc3 36.Ke4 a5
37.Nd4 a4 38.Nxe6 Be7 39.Nxg5 Bxa3 40.Kd5 Be7 41.Ne4+ Kb4 42.Kd4 a3 43.Nc3 Kb3
44.Kd3 Bg5 45.e6 Bf6 46.Ne2 Kb2 47.Nc3 Kb3 48.Ne2 Bg5 49.Nc3  1/2-1/2

[Event "ch-RUS w 1st League"]
[Site "Serpukhov RUS"]
[Date "2003.02.22"]
[Round "3"]
[White "Makarova,N"]
[Black "Sukhareva,M"]
[Result "0-1"]
[WhiteElo "2224"]
[BlackElo "2027"]

1.e4 e6 2.d4 d5 3.Nc3 Bb4 4.e5 Ne7 5.a3 Bxc3+ 6.bxc3 c5 7.Nf3 Qa5 8.Bd2 Qa4
9.Bd3 b6 10.O-O Ba6 11.Bxa6 Nxa6 12.Qb1 Rc8 13.Qb3 Qd7 14.a4 Nc6 15.Rfb1 O-O
16.Qb5 Nc7 17.Qd3 h6 18.Re1 Na5 19.Be3 Na8 20.Reb1 Qc7 21.Rc1 Nc4 22.Nd2 Nxe3
23.fxe3 Qe7 24.e4 Rfd8 25.exd5 Rxd5 26.Ne4 Rcd8 27.Nd6 f6 28.Qe3 fxe5 29.dxe5 Nc7
30.c4 Rd4 31.c3 Rg4 32.a5 Ne8 33.axb6 axb6 34.Nb5 Rxc4 35.Ra7 Qh4 36.Rf1 Re4
37.Qf3 Re1 38.g3 Rxf1+ 39.Qxf1 Qh5 40.Qf4 Rd1+ 41.Kg2 Qe2+ 42.Kh3 Rf1 43.Qa4 Rh1
44.Nd6 Rxh2+  0-1

[Event "6th Open"]
[Site "Malaga ESP"]
[Date "2003.02.27"]
[Round "7"]
[White "Cheparinov,I"]
[Black "Barria,D"]
[Result "1-0"]
[WhiteElo "2478"]
[BlackElo "2351"]

1.e4 e6 2.d4 d5 3.Nc3 Bb4 4.e5 Ne7 5.a3 Bxc3+ 6.bxc3 c5 7.Qg4 O-O 8.Bd3 Qa5
9.Bd2 Nbc6 10.Nf3 f5 11.exf6 Rxf6 12.Qh5 Nf5 13.c4 Qa4 14.cxd5 Ncxd4 15.Ng5 h6
16.Ne4 Rf8 17.O-O b6 18.Rae1 exd5 19.Ng3 c4 20.Bxf5 Nxf5 21.Re5 Nxg3 22.hxg3 Qxc2
23.Bb4 Bf5 24.Re2 Qd3 25.Re3 Qd4 26.Re2 Qg4 27.Qxg4 Bxg4 28.Bxf8 Rxf8 29.Re5 Rb8
30.f3 Bd7 31.Rxd5  1-0

[Event "11th Fajr Open"]
[Site "Tehran IRI"]
[Date "2003.03.01"]
[Round "4"]
[White "Guliev,L"]
[Black "Doostkam,P"]
[Result "1-0"]
[WhiteElo "2386"]
[BlackElo "2247"]

1.e4 e6 2.d4 d5 3.Nc3 Bb4 4.e5 Qd7 5.Qg4 f5 6.Qg3 b6 7.Nh3 Ba6 8.Bxa6 Nxa6
9.Nf4 O-O-O 10.O-O Qf7 11.Nb5 Kb7 12.a4 Be7 13.Qb3 c6 14.Nd6+ Bxd6 15.exd6 Rxd6
16.Nd3 Nf6 17.Qa3 Rdd8 18.b4 Nc7 19.b5 Qe8 20.Bf4 Ne4 21.f3 Nf6 22.Rfe1 Rc8
23.Nb4 cxb5 24.a5 Ra8 25.a6+ Kc8 26.Qc3 Qd7 27.Rxe6 Re8 28.Rc6  1-0

[Event "X Anibal Open"]
[Site "Linares ESP"]
[Date "2003.03.06"]
[Round "7"]
[White "Socko,B"]
[Black "Potkin,V"]
[Result "0-1"]
[WhiteElo "2577"]
[BlackElo "2516"]

1.e4 e6 2.d4 d5 3.Nc3 Bb4 4.e5 Ne7 5.a3 Bxc3+ 6.bxc3 c5 7.Nf3 Qc7 8.h4 h6
9.h5 b6 10.Bb5+ Bd7 11.Bd3 Nbc6 12.O-O O-O 13.Bf4 f5 14.dxc5 bxc5 15.Re1 Be8
16.Nh4 Kh7 17.Rb1 Rd8 18.Qf3 Qa5 19.Bd2 Qa4 20.Bf4 Bxh5 21.g4 g5 22.gxh5 Qxf4
23.Qxf4 gxf4 24.f3 c4 25.Bf1 Rb8 26.Ng2 Kg7 27.Nxf4 Kf7 28.Kf2 Rxb1 29.Rxb1 Nxe5
30.Rb7 Nc6 31.Ng6 Rb8 32.Ne5+ Ke8 33.Rxb8+ Nxb8 34.f4 Nbc6 35.Nf3 Kd7 36.Ke3 Kd6
37.Be2 Ng8 38.Nh4 Nf6 39.Bf3 Ne8 40.Bg2 Nc7 41.Bh3 Nb5 42.Bxf5 exf5 43.Nxf5+ Ke6
44.Nxh6 Nxc3 45.Ng4 d4+ 46.Kf3 Nd5 47.h6 Nf6 48.Nf2 Kf5 49.Ne4 Nxe4 50.h7 Ne5+  0-1

[Event "OSS IM"]
[Site "Oslo NOR"]
[Date "2003.04.08"]
[Round "9"]
[White "Trygstad,K"]
[Black "Karlsen,T"]
[Result "1-0"]
[WhiteElo "2320"]
[BlackElo "2099"]

1.e4 e6 2.d4 d5 3.Nc3 Bb4 4.e5 Ne7 5.a3 Bxc3+ 6.bxc3 c5 7.Qg4 Ng6 8.h4 h5
9.Qg3 Nc6 10.Nf3 Nce7 11.Bd3 Bd7 12.dxc5 Nf5 13.Bxf5 exf5 14.Rb1 Qa5 15.O-O O-O-O
16.Ng5 f4 17.Bxf4 Nxf4 18.Qxf4 Rhf8 19.c6 Bxc6 20.Nxf7 Qxa3 21.Qf5+ Kc7 22.e6 Qe7
23.Qe5+ Kc8 24.Nxd8  1-0

[Event "Seniorsko"]
[Site "Nisa YUG"]
[Date "2003.04.11"]
[Round "3"]
[White "Perunovic,Mio"]
[Black "Djukic,St"]
[Result "1-0"]
[WhiteElo "2402"]
[BlackElo "2112"]

1.e4 e6 2.d4 d5 3.Nc3 Bb4 4.e5 Qd7 5.a3 Bxc3+ 6.bxc3 b6 7.a4 Ba6 8.Bxa6 Nxa6
9.Qd3 Nb8 10.Qg3 f5 11.Ne2 Qf7 12.Nf4 Ne7 13.a5 Nbc6 14.axb6 cxb6 15.h4 Kd7
16.Ba3 Na5 17.O-O Nc4 18.Bxe7 Qxe7 19.Ra6 Rhc8 20.Rfa1 Rc7 21.Qf3 Kc6 22.R1a4 Nd2
23.Qe2 Ne4 24.c4 dxc4 25.Rxc4+ Kb7 26.Rxc7+ Qxc7 27.Nxe6  1-0

[Event "IM"]
[Site "Deizisau GER"]
[Date "2003.04.16"]
[Round "7"]
[White "Bindrich,F"]
[Black "Papa,S"]
[Result "1/2-1/2"]
[WhiteElo "2284"]
[BlackElo "2366"]

1.e4 e6 2.d4 d5 3.Nc3 Bb4 4.e5 b6 5.Qg4 Bf8 6.Bg5 Qd7 7.Bd3 Ba6 8.Nge2 c5
9.dxc5 bxc5 10.Bxa6 Nxa6 11.O-O h6 12.Bh4 Nb4 13.a3 Nc6 14.f4 Nge7 15.Bf2 Nf5
16.Qh3 d4 17.Ne4 Qd5 18.Qf3 h5 19.c4 Qd7 20.Nc1 Rc8 21.g3 Be7 22.h3 Na5 23.b3 Rb8
24.Rd1 Qb7 25.Rd3 Nc6 26.Ra2 a5 27.Rb2 Kd7 28.Rdd2 Kc7 29.Nd3 Qa7 30.g4 hxg4
31.hxg4 Nh4 32.Bxh4 Rxh4 33.Rh2 Rxh2 34.Kxh2 a4 35.bxa4 Rxb2+ 36.Nxb2 Qb8
37.Nd1 Qb1 38.Ndf2 Qc2 39.Qd3  1/2-1/2

[Event "FSIMA May"]
[Site "Budapest HUN"]
[Date "2003.05.05"]
[Round "3"]
[White "Dubois,L"]
[Black "Galyas,M"]
[Result "1/2-1/2"]
[WhiteElo "2264"]
[BlackElo "2413"]

1.e4 e6 2.d4 d5 3.Nc3 Bb4 4.e5 Ne7 5.a3 Bxc3+ 6.bxc3 c5 7.a4 Nbc6 8.Nf3 Qa5
9.Qd2 Bd7 10.Ba3 cxd4 11.cxd4 Qxd2+ 12.Kxd2 Nf5 13.c3 Na5 14.Ra2 Rc8 15.Bb5 Bc6
16.Rb1 h6 17.Kd3 Kd7 18.Bxc6+ Rxc6 19.g4 Ne7 20.Bb4 Rb6 21.Nd2 Nec6 22.Raa1  1/2-1/2

[Event "Riviera IM"]
[Site "Opatija CRO"]
[Date "2003.05.05"]
[Round "7"]
[White "Muslija,I"]
[Black "Glavas,D"]
[Result "1/2-1/2"]
[WhiteElo "2237"]
[BlackElo "2221"]

1.e4 e6 2.d4 d5 3.Nc3 Bb4 4.e5 Ne7 5.a3 Bxc3+ 6.bxc3 c5 7.Qg4 Nf5 8.Bd3 h5
9.Qf4 Ne7 10.Nf3 c4 11.Ng5 cxd3 12.Qxf7+ Kd7 13.Qxe6+ Kc7 14.Qd6+ Qxd6 15.exd6+ Kxd6
16.Nf7+ Ke6 17.Nxh8 Nbc6 18.cxd3 Bd7 19.Rb1 b6 20.Bg5 Rxh8 21.Kd2 Kf7 22.Rhe1 Ng6
23.Re3 Rc8 24.Rbe1 Nf8 25.Rf3+ Kg8 26.Bf4 Ng6 27.Bg5 Nf8 28.Bf4 Ng6 29.Bg5 Nf8
30.Bf4 Ng6  1/2-1/2

[Event "Riviera IM"]
[Site "Opatija CRO"]
[Date "2003.05.07"]
[Round "11"]
[White "Rasic,D"]
[Black "Glavas,D"]
[Result "0-1"]
[WhiteElo "2337"]
[BlackElo "2221"]

1.e4 e6 2.d4 d5 3.Nc3 Bb4 4.e5 Ne7 5.Qg4 Nf5 6.Bd3 h5 7.Qf4 Be7 8.Bxf5 exf5
9.h4 Be6 10.Be3 Nd7 11.Nge2 Nf8 12.g3 c6 13.Qf3 Qb6 14.O-O-O g6 15.Nf4 Qa5
16.Kb1 b5 17.Nce2 Rb8 18.Nc1 Rb6 19.Bd2 b4 20.Nfd3 Qa4 21.Qe2 Nd7 22.b3 Qa3
23.Nb2 Ra6 24.Na4 Rxa4 25.bxa4 Qxa4 26.Nb3 Nb6 27.c3 c5 28.Be3 c4 29.Nc5 Bxc5
30.dxc5 bxc3 31.cxb6 f4 32.Bd4 c2+ 33.Ka1 cxd1=Q+ 34.Rxd1 axb6 35.gxf4 b5
36.Rb1 b4 37.Bc5 b3 38.Rb2 Kd7 39.Qd2 Rc8 40.Bd4 Ra8 41.Kb1 Bf5+ 42.Ka1 Bc2
43.Ba7 Rxa7 44.Qxd5+ Ke8  0-1

[Event "National I"]
[Site "Clermont-Ferrand FRA"]
[Date "2003.05.08"]
[Round "8"]
[White "Delorme,Al"]
[Black "Adrian,C"]
[Result "0-1"]
[WhiteElo "2195"]
[BlackElo "2326"]

1.e4 e6 2.d4 d5 3.Nc3 Bb4 4.e5 Ne7 5.a3 Bxc3+ 6.bxc3 c5 7.Qg4 Qc7 8.Qxg7 Rg8
9.Qxh7 cxd4 10.Ne2 Nbc6 11.f4 Bd7 12.Qd3 dxc3 13.Qxc3 O-O-O 14.Rb1 Nf5 15.Rg1 d4
16.Qd3 Na5 17.g4 Ba4 18.Rb2 Ne3 19.Bxe3 dxe3 20.Qc3 Nc4 21.Ra2 Rd2 22.Nd4 Rd8
23.Qxc4 R8xd4 24.Qxc7+ Kxc7 25.Rb2 Rxf4 26.Rg3 Rxh2 27.Rb4 Rxb4 28.axb4 Rh1
29.Rf3 Bb5  0-1

[Event "National I"]
[Site "Clermont-Ferrand FRA"]
[Date "2003.05.09"]
[Round "9"]
[White "Libiszewski,F"]
[Black "Apicella,M"]
[Result "1/2-1/2"]
[WhiteElo "2369"]
[BlackElo "2501"]

1.e4 e6 2.d4 d5 3.Nc3 Bb4 4.e5 Ne7 5.a3 Bxc3+ 6.bxc3 c5 7.Qg4 O-O 8.Bd3 Nbc6
9.Qh5 Ng6 10.Nf3 Qc7 11.Ng5 h6 12.Nxf7 Qxf7 13.Qxg6 Qxg6 14.Bxg6 cxd4 15.cxd4 Nxd4
16.Be3 Nc6 17.f4 b6 18.Bd3 Bd7 19.O-O Rac8 20.Rae1 Ne7 21.g4 h5 22.h3 hxg4
23.hxg4 g6 24.Rf2 Kf7 25.Rh2 Rh8 26.Ree2 Nc6 27.Ref2 Na5 28.Bd4 Nc4 29.Rxh8  1/2-1/2

[Event "Capablanca Mem Premier II"]
[Site "Havana CUB"]
[Date "2003.05.13"]
[Round "8"]
[White "Abreu,A"]
[Black "Gonzalez Rodriguez,JA"]
[Result "1-0"]
[WhiteElo "2455"]
[BlackElo "2353"]

1.e4 e6 2.d4 d5 3.Nc3 Bb4 4.e5 Qd7 5.a3 Bxc3+ 6.bxc3 b6 7.Qg4 f5 8.Qg3 Ba6
9.Bxa6 Nxa6 10.Ne2 O-O-O 11.a4 Kb7 12.O-O Qf7 13.c4 dxc4 14.Qc3 Ne7 15.Qxc4 Nc6
16.a5 Ra8 17.Nf4 Rhe8 18.Bd2 g5 19.Nd3 Red8 20.c3 h6 21.axb6 axb6 22.Rfb1 Rd5
23.Rb5 Qd7 24.Rxd5 exd5 25.Qa4 Ra7 26.Qd1 f4 27.Qf3 Na5 28.Re1 Nc4 29.e6 Qb5
30.e7 Ra8 31.Bc1 Re8 32.Bxf4 gxf4 33.h3 Nd2 34.Qh5 Ne4 35.Nxf4 Rxe7 36.Qxd5+ Qxd5
37.Nxd5 Re8 38.f3 Nf6 39.Rxe8 Nxe8 40.g4 c6 41.Ne3 Nac7 42.Kf2 Nd6 43.h4 Kc8
44.f4 Nd5 45.Nxd5 cxd5 46.Ke3 h5 47.gxh5 Nf5+ 48.Kd3 b5 49.Kc2 Kd7 50.Kb3 Kc6
51.Ka3 Kb6 52.Kb4 Nh6 53.Ka3 Ka5 54.Kb3 Nf5 55.Ka3 b4+ 56.cxb4+ Kb5 57.Kb3 Nh6
58.Ka3 Kc4 59.Ka4 Kxd4 60.b5 Kc5 61.Ka5 d4 62.b6 Nf7 63.b7 Nd8 64.b8=Q Nc6+
65.Ka4 Nxb8 66.h6  1-0

[Event "Capablanca Mem Premier II"]
[Site "Havana CUB"]
[Date "2003.05.16"]
[Round "11"]
[White "Baches Garcia,G"]
[Black "Pecorelli Garcia,H"]
[Result "1/2-1/2"]
[WhiteElo "2397"]
[BlackElo "2450"]

1.e4 e6 2.d4 d5 3.Nc3 Bb4 4.e5 Ne7 5.a3 Bxc3+ 6.bxc3 c5 7.a4 Nbc6 8.Nf3 Qa5
9.Bd2 Bd7 10.Bb5 f6 11.Qe2 fxe5 12.Nxe5 Nxe5 13.Qxe5 Bxb5 14.c4 Qb6 15.cxb5 O-O
16.dxc5 Qxc5 17.Qxe6+ Rf7 18.O-O Qxc2 19.Bb4 Qf5 20.Rae1 Ng6 21.g3 d4 22.Qxf5 Rxf5
23.f4 Rd8 24.Kf2 d3 25.Ke3 Rfd5 26.Kd2 Rd4 27.Rb1 Nf8 28.Rfe1 Nd7 29.Be7 Rc8
30.Rbc1  1/2-1/2

[Event "TCh-Serbia & Montenegro"]
[Site "Budva YUG"]
[Date "2003.05.18"]
[Round "?"]
[White "Sedlak,N"]
[Black "Drasko,M"]
[Result "1-0"]
[WhiteElo "2524"]
[BlackElo "2491"]

1.e4 e6 2.d4 d5 3.Nc3 Bb4 4.e5 Ne7 5.a3 Bxc3+ 6.bxc3 c5 7.Nf3 h6 8.a4 b6
9.Bb5+ Bd7 10.Bd3 Nbc6 11.O-O Rc8 12.Ba3 Na5 13.Nd2 O-O 14.Qg4 f5 15.exf6 Rxf6
16.dxc5 bxc5 17.c4 e5 18.Qd1 e4 19.Be2 Bf5 20.cxd5 Nxd5 21.Bb2 Rg6 22.Be5 Re6
23.Bg3 Nc3 24.Qe1 e3 25.Nf3 exf2+ 26.Rxf2 Ne4 27.Rf1 Nxg3 28.hxg3 Bxc2 29.Bc4  1-0

[Event "TCh-Serbia & Montenegro"]
[Site "Budva YUG"]
[Date "2003.05.23"]
[Round "6"]
[White "Kovacevic,A"]
[Black "Drasko,M"]
[Result "1/2-1/2"]
[WhiteElo "2536"]
[BlackElo "2491"]

1.e4 e6 2.d4 d5 3.Nc3 Bb4 4.e5 Ne7 5.a3 Bxc3+ 6.bxc3 c5 7.Qg4 O-O 8.Bd3 Nbc6
9.Qh4 Ng6 10.Qxd8 Rxd8 11.Bg5 Rf8 12.Nf3 h6 13.Be3 f5 14.exf6 Rxf6 15.Rb1 cxd4
16.cxd4 e5 17.dxe5 Ngxe5 18.Nxe5 Nxe5 19.Rb5 Nxd3+ 20.cxd3 d4 21.Bxd4 Rd6  1/2-1/2

[Event "IV Open"]
[Site "Lido Estensi ITA"]
[Date "2003.06.06"]
[Round "1"]
[White "Frilli,F"]
[Black "Bukal,V jr"]
[Result "0-1"]
[WhiteElo "2086"]
[BlackElo "2396"]

1.e4 e6 2.d4 d5 3.Nc3 Bb4 4.e5 Ne7 5.a3 Bxc3+ 6.bxc3 c5 7.Nf3 Qa5 8.Bd2 Nbc6
9.Be2 Bd7 10.O-O f6 11.c4 Qc7 12.cxd5 Nxd5 13.c4 Nde7 14.exf6 gxf6 15.d5 exd5
16.cxd5 Nxd5 17.Bc4 Nde7 18.Bc3 Rf8 19.Nd2 O-O-O 20.Qh5 Ne5 21.Bxe5 Qxe5
22.Qxe5 fxe5 23.Ne4 Rf4 24.f3 Bc6 25.g3 Rff8 26.Nxc5 Rxf3 27.Be6+ Kc7 28.Rxf3 Bxf3
29.Bh3 Rg8 30.Ne6+ Kd6 31.Rf1 Bg4 32.Bxg4 Rxg4 33.Nd8 b6 34.Rf7 Rg8 35.Nb7+ Kd7
36.Rf6 Rg6 37.Rf7 h6 38.a4 a5 39.Kf2 Re6 40.Rf8 Kc7 41.Nd8 Rd6 42.Nf7 Rf6+
43.Ke2 Nf5 44.Kd3 e4+ 45.Ke2 Nd6 46.Ng5 Rxf8 47.Ne6+ Kc6 48.Nxf8 b5 49.axb5+ Kxb5
50.Ne6 Kc4 51.Kd2 a4 52.Kc2 a3 53.Nf4 Nb5 54.g4 Nd4+ 55.Kb1 Kb3  0-1

[Event "IV Open"]
[Site "Lido Estensi ITA"]
[Date "2003.06.09"]
[Round "3"]
[White "Roversi,S"]
[Black "Thompson,I"]
[Result "0-1"]
[WhiteElo "2015"]
[BlackElo "2290"]

1.e4 e6 2.d4 d5 3.Nc3 Bb4 4.e5 Ne7 5.a3 Bxc3+ 6.bxc3 b6 7.Nf3 Qd7 8.a4 Ba6
9.Bd3 Bxd3 10.Qxd3 Nbc6 11.O-O Na5 12.Nd2 Rc8 13.Ba3 c5 14.Qb5 cxd4 15.cxd4 Nf5
16.Nf3 Rc4 17.Bb2 f6 18.g4 Ne7 19.c3 Ng6 20.exf6 gxf6 21.Rfe1 Rc6 22.Nd2 O-O
23.Re3 e5 24.dxe5 fxe5 25.h3 Qf7 26.Rf3 Nf4 27.Kh2 e4 28.Rg3 Nd3 29.Ba3 Qxf2+
30.Rg2 Qf4+ 31.Kg1 Qe3+ 32.Kh2 Nc5 33.Bxc5 Qxc5 34.Qxc5 Rxc5 35.Rf1 Rxf1
36.Nxf1 Rxc3 37.Rd2 Rd3 38.Rf2 Nc4 39.Ng3 Ne5 40.Nf5 Nf3+ 41.Kg2 Kf7 42.Nd6+ Ke6
43.Nc8 Ra3 44.Nxa7 Rxa4 45.Nc8 Ra6 46.Rb2 Ke5 47.Nxb6 Ne1+ 48.Kf1 Nd3 49.Rb5 Nf4
50.Nd7+ Kd4 51.Nf8 Ra1+ 52.Kf2 e3+ 53.Kg3 e2  0-1

[Event "LXVII ch-CRC"]
[Site "Cenfotec CRC"]
[Date "2003.06.23"]
[Round "9"]
[White "Ugalde,R"]
[Black "Granados,C"]
[Result "0-1"]
[WhiteElo "2183"]
[BlackElo "2253"]

1.e4 e6 2.d4 d5 3.Nc3 Bb4 4.e5 b6 5.Qg4 Bf8 6.Bg5 Qd7 7.Nf3 h6 8.Be3 Ba6
9.Bd3 Ne7 10.Nh4 Bxd3 11.cxd3 Nbc6 12.f4 g6 13.Qe2 Rg8 14.g4 O-O-O 15.O-O-O Kb7
16.Kb1 h5 17.h3 Rh8 18.Nf3 Nc8 19.Qc2 Nb4 20.Qb3 Na6 21.Na4 Ka8 22.Rc1 hxg4
23.hxg4 Be7 24.a3 Rxh1 25.Rxh1 c5 26.Rc1 c4 27.dxc4 dxc4 28.Qxc4 b5 29.Qe2 Qb7
30.Nc3 b4 31.axb4 Nxb4 32.Nd2 Nb6 33.Nb3 Rc8 34.Na5 Qd7 35.Qb5 Rxc3 36.Qxd7 Rxc1+
37.Kxc1 Nxd7 38.Bd2 Nd5 39.g5 Kb8 40.Kc2 Kc7 41.Kd3 Bb4 42.Bxb4 Nxb4+ 43.Ke4 Nb6
44.b3 a6 45.Ke3 N6d5+ 46.Ke4 Nc6 47.Nc4 Nd8 48.Nd6 Kb6 49.f5 gxf5+ 50.Nxf5 Nc3+
51.Kd3 exf5 52.Kxc3 Ne6 53.g6 fxg6 54.d5 Nf4 55.Kd4 Kc7 56.Kc5 Kd7 57.b4 Nd3+  0-1

[Event "TCh-BIH"]
[Site "Jahorina BIH"]
[Date "2003.06.25"]
[Round "7"]
[White "Fercec,N"]
[Black "Gavric,M"]
[Result "1/2-1/2"]
[WhiteElo "2442"]
[BlackElo "2399"]

1.e4 e6 2.d4 d5 3.Nc3 Bb4 4.e5 Ne7 5.a3 Bxc3+ 6.bxc3 b6 7.Qg4 Ng6 8.h4 h5
9.Qg3 Ba6 10.Ne2 Qc8 11.Nf4 Nxf4 12.Bxf4 Kf8 13.Bd3 Nc6 14.Bg5 Bxd3 15.cxd3 Qd7
16.a4 Ne7 17.O-O Nf5 18.Qf4 Rc8 19.a5 Qb5 20.axb6 axb6 21.Qd2 Kg8 22.f3 Qd7
23.Ra7 Rf8 24.Rfa1 Qc6 25.R1a3 Rh7 26.Qe1 Rc8 27.g4 Nh6 28.Qd1 Rh8 29.Kg2 Kh7
30.Kh3 Kg8 31.Qd2 Qb5 32.Ra1 Qc6 33.R1a3  1/2-1/2

[Event "2nd Open"]
[Site "La Fere FRA"]
[Date "2003.07.02"]
[Round "6"]
[White "Van der Weide,K"]
[Black "Kekki,P"]
[Result "1-0"]
[WhiteElo "2388"]
[BlackElo "2301"]

1.e4 e6 2.d4 d5 3.Nc3 Bb4 4.e5 Ne7 5.a3 Bxc3+ 6.bxc3 c5 7.Qg4 Qc7 8.Qxg7 Rg8
9.Qxh7 cxd4 10.Ne2 dxc3 11.f4 b6 12.Ng3 Qc5 13.Rb1 Ba6 14.Bxa6 Nxa6 15.Qd3 Qa5
16.O-O Rh8 17.Be3 Rc8 18.f5 Rc4 19.fxe6 fxe6 20.Bg5 Qc5+ 21.Kh1 Rg8 22.Bf6 Ng6
23.Nh5 Kd7 24.Bg7 Rxg7 25.Nxg7 Nxe5 26.Qe2 Qd6 27.Rbe1 Nc6 28.Rf7+ Ne7 29.Qxe6+  1-0

[Event "White Nights"]
[Site "St Petersburg RUS"]
[Date "2003.07.04"]
[Round "6"]
[White "Bedny,Y"]
[Black "Tumanov,A1"]
[Result "0-1"]
[WhiteElo "2327"]
[BlackElo "2398"]

1.e4 e6 2.d4 d5 3.Nc3 Bb4 4.e5 b6 5.f4 Qd7 6.a3 Bxc3+ 7.bxc3 Ba6 8.Nf3 Bxf1
9.Rxf1 Nc6 10.Ng5 h6 11.Qh5 g6 12.Qh3 O-O-O 13.g4 f6 14.Nf3 f5 15.gxf5 gxf5
16.a4 Na5 17.Rg1 Nc4 18.Kf2 h5 19.Rg5 h4 20.Ke2 Nh6 21.Qxh4 Ng4 22.Rh5 Qg7
23.h3 Nh2 24.Rxh8 Rxh8 25.Qg5 Qh7 26.Qg2 Nxf3 27.Qxf3 Qxh3 28.Qxh3 Rxh3 29.Ra2 Rxc3
30.a5 bxa5 31.Bd2 Ra3 32.Rxa3 Nxa3 33.Kd3 Nc4 34.Bc3 a4 35.Ke2 Kd7 36.Ba1 Ke7
37.Bc3 Kf7 38.Kd3 a5 39.Bd2 Kg6 40.Bc1 a3 41.Kc3 a4  0-1

[Event "White Nights"]
[Site "St Petersburg RUS"]
[Date "2003.07.05"]
[Round "7"]
[White "Bedny,Y"]
[Black "Shchukin,D"]
[Result "0-1"]
[WhiteElo "2327"]
[BlackElo "2419"]

1.e4 e6 2.d4 d5 3.Nc3 Bb4 4.e5 Ne7 5.a3 Bxc3+ 6.bxc3 b6 7.Qg4 Ng6 8.h4 h5
9.Qg3 Ba6 10.Bxa6 Nxa6 11.Ne2 Nb8 12.f4 Qd7 13.Qg5 Qe7 14.f5 Qxg5 15.hxg5 exf5
16.Ng3 Ne7 17.Rxh5 Rg8 18.Rh7 g6 19.a4 Nd7 20.Ne2 Nf8 21.Rh3 Ne6 22.c4 dxc4
23.Rc3 Nd5 24.Rxc4 O-O-O 25.Kf2 Rh8 26.Rb1 Rh4 27.a5 Nc5 28.axb6 Ne4+ 29.Kf3 axb6
30.Ng3 Nxg3 31.Kxg3 Rh1 32.Ra1 Kb7 33.Kf2 b5 34.Rc5 c6 35.Rb1 Nb6 36.c4 Na4
37.Rbxb5+ cxb5 38.Rxb5+ Ka6 39.Be3 f4  0-1

[Event "ch-BEL"]
[Site "Eupen BEL"]
[Date "2003.07.06"]
[Round "2"]
[White "Daels,M"]
[Black "Dgebuadze,A"]
[Result "0-1"]
[WhiteElo "2196"]
[BlackElo "2553"]

1.e4 e6 2.d4 d5 3.Nc3 Bb4 4.e5 Ne7 5.Bd2 b6 6.Qg4 Nf5 7.Nf3 Ba6 8.Bxa6 Nxa6
9.O-O Qd7 10.Rfd1 h5 11.Qf4 f6 12.h4 O-O-O 13.a4 Be7 14.Ne2 g5 15.hxg5 fxg5
16.Qh2 g4 17.Ne1 h4 18.Nd3 Rdg8 19.c3 Nb8 20.b4 Nc6 21.a5 g3 22.Qh3 gxf2+
23.Nxf2 b5 24.Qd3 a6 25.Nh3 Rg4 26.Nef4 Rhg8 27.Be1 Bg5 28.Nxg5 R4xg5 29.Ra2 Nd8
30.Qf1 Ne3 31.Qf3 Nxd1 32.Qxd1 Qh7 33.Nh3 R5g7 34.Re2 Nf7 35.Bd2 Nh6  0-1

[Event "Andorra"]
[Site "Andorra la Vella AND"]
[Date "2003.07.07"]
[Round "3"]
[White "Cheparinov,I"]
[Black "Gallego Eraso,F"]
[Result "1-0"]
[WhiteElo "2529"]
[BlackElo "2386"]

1.e4 e6 2.d4 d5 3.Nc3 Bb4 4.e5 b6 5.a3 Bf8 6.b4 c5 7.bxc5 bxc5 8.dxc5 Bxc5
9.Qg4 Kf8 10.Bd3 Ba6 11.Nf3 h5 12.Qf4 Nh6 13.O-O Bxd3 14.cxd3 Nf5 15.Ne2 Nc6
16.Be3 Be7 17.Qa4 Qd7 18.Qa6 Nb8 19.Qa5 Nc6 20.Qa6 Nb8 21.Qa5 Nc6 22.Qc3 Rc8
23.Rfc1 Bd8 24.Ned4 Nce7 25.Qb4 Nxe3 26.fxe3 Bb6 27.a4 g6 28.Qd6 Ke8 29.a5 Rxc1+
30.Rxc1 Bxa5 31.Qb8+ Qd8 32.Qb5+ Kf8 33.Ng5 Kg8 34.Ngxe6 fxe6 35.Nxe6 a6
36.Qa4 Qb8 37.Rf1 Nf5 38.Qxa5 Qxe5 39.Qd8+  1-0

[Event "25th Open"]
[Site "Oberwart AUT"]
[Date "2003.07.07"]
[Round "3"]
[White "Pavlovic,Mi1"]
[Black "Hirsch,A"]
[Result "1-0"]
[WhiteElo "2569"]
[BlackElo "2069"]

1.e4 e6 2.d4 d5 3.Nc3 Bb4 4.e5 Ne7 5.a3 Bxc3+ 6.bxc3 c5 7.Qg4 O-O 8.Bd3 Nbc6
9.Nf3 Qc7 10.O-O Ng6 11.h4 c4 12.Be2 f5 13.Qg3 f4 14.Qg4 Qf7 15.Ng5 Qf5 16.Qxf5 exf5
17.h5 Nge7 18.Nh3 Be6 19.Nxf4 Kf7 20.a4 b6 21.Ba3 Rfd8 22.Nh3 h6 23.Nf4 Rg8
24.Bf3 Rad8 25.Rfb1 g5 26.hxg6+ Nxg6 27.Bh5  1-0

[Event "ch-BEL"]
[Site "Eupen BEL"]
[Date "2003.07.08"]
[Round "4"]
[White "Daels,M"]
[Black "Saiboulatov,D"]
[Result "0-1"]
[WhiteElo "2196"]
[BlackElo "2366"]

1.e4 e6 2.d4 d5 3.Nc3 Bb4 4.e5 Ne7 5.Bd2 c5 6.dxc5 Nbc6 7.Qg4 O-O 8.Nf3 f5
9.exf6 Rxf6 10.O-O-O e5 11.Qh5 Rf5 12.Ng5 h6 13.Bd3 Bxc3 14.Bxf5 Bxd2+ 15.Rxd2 Bxf5
16.Qf7+ Kh8 17.Qxf5 Nxf5 18.Nf7+ Kg8 19.Nxd8 Rxd8 20.Re1 Kf7 21.a3 Kf6 22.b4 g5
23.Kb2 g4 24.c4 d4 25.Kb3 Re8 26.Re4 h5 27.b5 Nd8 28.Kb4 Ne6 29.b6 a6 30.c6 bxc6
31.c5 Nd8 32.Re1 Nb7 33.Re4 Rd8 34.Re1 Rd5 35.Rc2 Ng7 36.f3 gxf3 37.gxf3 Ne6
38.Re4 a5+  0-1

[Event "Women's"]
[Site "Saint Lo FRA"]
[Date "2003.07.09"]
[Round "1"]
[White "Marchadour,C"]
[Black "Brunstein,S"]
[Result "1-0"]
[WhiteElo "2095"]
[BlackElo "2056"]

1.e4 e6 2.d4 d5 3.Nc3 Bb4 4.e5 Ne7 5.Qg4 Nf5 6.Bg5 Qd7 7.Bd2 h5 8.Qf4 b6
9.a3 Be7 10.Nf3 Ba6 11.Ne2 Nc6 12.h4 Rh6 13.Qh2 Rh8 14.Qf4 Rh6 15.Ng3 Bxf1
16.Nxf5 exf5 17.Rxf1 Rg6 18.Ng5 O-O-O 19.Nxf7 Rg4 20.Qf3 Rf8 21.Ng5 Bxg5
22.Bxg5 Nxd4 23.Qd3 Re4+ 24.Kd2 Re2+ 25.Kd1 Qa4 26.b3 Qc6 27.Be3 Rxe3 28.fxe3 Ne6
29.Rxf5 Rd8 30.b4 d4 31.e4 Qe8 32.Ke2 Qg6 33.g3 Qg4+ 34.Kf2 g6 35.Rf6 g5
36.Qf3 Qxf3+ 37.Rxf3 gxh4 38.gxh4 c5 39.Rf6 Re8 40.Rg1 Kb7 41.b5 c4 42.Kf3 Re7
43.Rh6 Nc7 44.a4 Rxe5 45.Rh7 Kc8 46.Rg8+ Kb7 47.Rgg7 Rc5 48.e5 d3 49.cxd3 c3
50.Rxc7+ Rxc7 51.Rxc7+ Kxc7 52.Ke2  1-0

[Event "Andorra"]
[Site "Andorra la Vella AND"]
[Date "2003.07.11"]
[Round "7"]
[White "Van Benthem,A"]
[Black "Rodriguez Guerrero,E"]
[Result "0-1"]
[WhiteElo "2276"]
[BlackElo "2500"]

1.e4 e6 2.d4 d5 3.Nc3 Bb4 4.e5 Ne7 5.a3 Bxc3+ 6.bxc3 c5 7.Qg4 O-O 8.Bd3 Nbc6
9.Nf3 f5 10.exf6 Rxf6 11.Bg5 e5 12.Qh4 e4 13.Bxf6 gxf6 14.Qxf6 exd3 15.Qg5+ Ng6
16.Qxd8+ Nxd8 17.cxd3 Bf5 18.Kd2 Ne6 19.Rhe1 Rf8 20.Ne5 cxd4 21.cxd4 Nxd4
22.Rab1 b6 23.Rb4 Nxe5 24.Rxd4 Nxd3 25.Rxd3 Bxd3 26.Kxd3 Rxf2 27.Re7 a5 28.Rb7 Rxg2
29.Rxb6 Rxh2 30.Kd4 Rh3 31.Kxd5 Kg7 32.Ke5 Rxa3 33.Kf4 Ra4+ 34.Kg5 Rb4 35.Ra6 Rb5+
36.Kg4 h5+ 37.Kh4 Rf5 38.Rb6 Kf7 39.Ra6 Ke7 40.Rb6 Kd7 41.Rh6 Kc7 42.Rh7+ Kb6
43.Rh6+ Kb5 44.Rh8 a4 45.Rb8+ Kc4 46.Ra8 Kb4 47.Rb8+ Rb5 48.Rf8 a3 49.Rf4+ Kb3
50.Rf3+ Kb2 51.Rf2+ Ka1 52.Rf3 a2  0-1

[Event "25th Open"]
[Site "Oberwart AUT"]
[Date "2003.07.11"]
[Round "7"]
[White "Videki,S"]
[Black "Fucak,E"]
[Result "0-1"]
[WhiteElo "2429"]
[BlackElo "2282"]

1.e4 e6 2.d4 d5 3.Nc3 Bb4 4.e5 b6 5.a3 Bf8 6.Nf3 Ne7 7.b4 Nf5 8.Bg5 Be7 9.h4 c5
10.Nb5 f6 11.Bf4 O-O 12.c3 fxe5 13.Bxe5 Nc6 14.Bc7 Qd7 15.Bh2 a6 16.Nc7 Ra7
17.Nxa6 cxd4 18.Nb8 Qb7 19.Nxc6 Qxc6 20.Bd3 Qxc3+ 21.Kf1 Rxa3 22.Rxa3 Qxa3
23.Be5 Bf6 24.Bxf5 Bxe5 25.Bd3 Bf4 26.g3 Bh6 27.Qc2 Ba6 28.b5 Bxb5  0-1

[Event "26th Open"]
[Site "Barbera del Valles ESP"]
[Date "2003.07.13"]
[Round "9"]
[White "Vehi Bach,V"]
[Black "Garcia Martinez,S"]
[Result "0-1"]
[WhiteElo "2416"]
[BlackElo "2380"]

1.e4 e6 2.d4 d5 3.Nc3 Bb4 4.e5 Ne7 5.a3 Bxc3+ 6.bxc3 c5 7.Qg4 O-O 8.Bd3 Qa5
9.Bd2 Nbc6 10.Nf3 f5 11.exf6 Rxf6 12.Qh5 Nf5 13.g4 c4 14.gxf5 cxd3 15.Rg1 Bd7
16.Qg5 Rf7 17.cxd3 exf5 18.Ne5 Re8 19.f4 Nxe5 20.dxe5 Qa6 21.Ke2 Bb5 22.Qg3 Qa4
23.Kf2 Qc2 24.Ke2 Qa4 25.Kf2 d4 26.c4 Bc6 27.Ke2 Re6 28.Qf2 Rd7 29.Rg5 Qc2
30.Rag1 h6 31.Rg6 Be4 32.R6g3 Rb6 33.Rc1 Qa2 34.Rd1 Bc6 35.Qe1 Rb2 36.Kf1 b5
37.e6 Re7 38.Bb4 Rxh2 39.Rd2 Rxd2 40.Bxd2 a5 41.Bxa5 Qh2 42.Bb4 Qh1+ 43.Kf2 Qxe1+
44.Kxe1 Rxe6+ 45.Kd2 bxc4 46.dxc4 Kf7 47.Bc5 Re4 48.Bd6 g6 49.c5  0-1